000 003240000a22001450004500
003 LK-CoMWRAF
008 230817t ||||| |||| 00| 0 eng d
040 _aLK-CoMWRAF
_dLK-CoMWRAF
_eLK-CoMWRAF
041 _aeng
245 _aParavatham
_b
260 _aColombo
_bSSA
_c2002
300 _ap.166
490 _aNo-1
942 _cBK
999 _c401
_d401